[Event "Stockholm Junior DM"]
[Site "Stockholm"]
[Date "2008.07.14"]
[Round "8"]
[White "Lissang, Christopher"]
[Black "Thollin, Robert"]
[Result "1/2-1/2"]
[WhiteElo "2169"]
[BlackElo "2011"]
[PlyCount "33"]
[EventDate "2008.07.06"]
[EventType "tourn"]
[EventRounds "9"]
[EventCountry "SWE"]
[SourceTitle "EXT 2024"]
[Source "ChessBase"]
[SourceDate "2023.10.10"]
[SourceVersion "1"]
[SourceVersionDate "2023.10.10"]
[SourceQuality "1"]

1. e4 d6 2. d4 Nf6 3. Nc3 g6 4. Bg5 Bg7 5. Qd2 h6 6. Bh4 g5 7. Bg3 Nh5 8. 0-0-0 Nc6 9. Nge2 Bd7 10. f3 Nxg3 11. hxg3 e6 12. d5 Ne7 13. dxe6 fxe6 14. Nd4 Nc6 15. Nb3 Qe7 16. Nb5 0-0-0 17. N5d4 1/2-1/2

[Event "Stockholm Junior DM"]
[Site "Stockholm"]
[Date "2008.07.13"]
[Round "7"]
[White "Thollin, Robert"]
[Black "Eriksson, Daniel"]
[Result "0-1"]
[WhiteElo "2011"]
[BlackElo "2088"]
[PlyCount "66"]
[EventDate "2008.07.06"]
[EventType "tourn"]
[EventRounds "9"]
[EventCountry "SWE"]
[SourceTitle "EXT 2024"]
[Source "ChessBase"]
[SourceDate "2023.10.10"]
[SourceVersion "1"]
[SourceVersionDate "2023.10.10"]
[SourceQuality "1"]

1. e4 e5 2. Nf3 Nc6 3. Bb5 a6 4. Ba4 Nf6 5. 0-0 Be7 6. Re1 b5 7. Bb3 d6 8. c3 0-0 9. h3 Na5 10. Bc2 c5 11. d4 cxd4 12. cxd4 Qc7 13. Nbd2 Bb7 14. d5 Rac8 15. Bb1 Nh5 16. Nf1 Nf4 17. Ne3 Qxc1 18. Nf5 Qc7 19. Kh2 Bf6 20. g3 Ng6 21. Bd3 Nc4 22. Rc1 Qb6 23. Re2 Na5 24. Rb1 Ne7 25. Ne3 g6 26. g4 Nc4 27. Nf1 Bg7 28. b3 Na3 29. Rc1 b4 30. Ng3 a5 31. Nd2 Ba6 32. Bxa6 Qxa6 33. Rxc8 Rxc8 0-1

[Event "SWE-chB"]
[Site "Vadso"]
[Date "2008.07.10"]
[Round "12"]
[White "Berggren, Jonatan"]
[Black "Thollin, Robert"]
[Result "1-0"]
[WhiteElo "2102"]
[BlackElo "2011"]
[PlyCount "59"]
[EventDate "2008.06.28"]
[EventType "tourn"]
[EventRounds "13"]
[EventCountry "SWE"]
[SourceTitle "CBM 125 Extra"]
[Source "ChessBase"]
[SourceDate "2008.09.01"]
[SourceVersion "1"]
[SourceVersionDate "2008.09.01"]
[SourceQuality "1"]

1. e4 d6 2. d4 Nf6 3. Nc3 g6 4. Be3 c6 5. Qd2 b5 6. Bd3 Nbd7 7. Nf3 Nb6 8. h3 Bb7 9. 0-0 Qc7 10. e5 Nfd5 11. Ne4 Nxe3 12. fxe3 Bg7 13. Nfg5 0-0 14. exd6 exd6 15. Nf6+ Bxf6 16. Rxf6 Qe7 17. Raf1 Nd5 18. Rxf7 Qxg5 19. Rxb7 Rxf1+ 20. Bxf1 Nxe3 21. Bd3 Re8 22. Rxa7 Qd5 23. c3 Qe6 24. b3 Nd5 25. c4 bxc4 26. Bxc4 Qe4 27. Kh2 Kh8 28. Bxd5 cxd5 29. Qh6 Re7 30. Qf8# 1-0

[Event "SWE-chB"]
[Site "Vadso"]
[Date "2008.07.09"]
[Round "11"]
[White "Thollin, Robert"]
[Black "Henninger, Simon"]
[Result "0-1"]
[WhiteElo "2011"]
[BlackElo "2080"]
[PlyCount "112"]
[EventDate "2008.06.28"]
[EventType "tourn"]
[EventRounds "13"]
[EventCountry "SWE"]
[SourceTitle "CBM 125 Extra"]
[Source "ChessBase"]
[SourceDate "2008.09.01"]
[SourceVersion "1"]
[SourceVersionDate "2008.09.01"]
[SourceQuality "1"]

1. e4 c6 2. d4 d5 3. Nc3 dxe4 4. Nxe4 Bf5 5. Ng3 Bg6 6. h4 h6 7. Nf3 Nd7 8. h5 Bh7 9. Bd3 Bxd3 10. Qxd3 e6 11. Bf4 Qa5+ 12. Bd2 Bb4 13. c3 Be7 14. c4 Qc7 15. 0-0-0 Ngf6 16. Ne4 Rd8 17. g3 b5 18. cxb5 cxb5+ 19. Kb1 0-0 20. Bf4 Qb6 21. Rc1 Nxe4 22. Qxe4 Nf6 23. Qe2 Nd5 24. Be3 b4 25. Ne5 Bf6 26. Nc4 Qa6 27. Rhe1 Rc8 28. Ne5 Qb7 29. Ng4 Rxc1+ 30. Rxc1 Rd8 31. Ka1 Be7 32. Ne5 Rc8 33. Rxc8+ Qxc8 34. Kb1 Qb7 35. Bd2 Nc3+ 36. bxc3 bxc3+ 37. Kc2 cxd2 38. Kxd2 Bb4+ 39. Ke3 f6 40. Nd3 Bd6 41. f4 Qd5 42. Qc2 Kf7 43. Nc5 Qxh5 44. Qa4 Bxc5 45. dxc5 Qxc5+ 46. Kf3 Qd5+ 47. Kf2 a5 48. Qc2 Qd4+ 49. Kg2 a4 50. Qc7+ Kg6 51. Qc2+ f5 52. Kh3 Qg1 53. Qc6 Qf1+ 54. Kh4 Qe2 55. Qe8+ Kh7 56. g4 Qxg4# 0-1

[Event "SWE-chB"]
[Site "Vadso"]
[Date "2008.07.08"]
[Round "10"]
[White "Rouhani, Arash"]
[Black "Thollin, Robert"]
[Result "1/2-1/2"]
[WhiteElo "1995"]
[BlackElo "2011"]
[PlyCount "58"]
[EventDate "2008.06.28"]
[EventType "tourn"]
[EventRounds "13"]
[EventCountry "SWE"]
[SourceTitle "CBM 125 Extra"]
[Source "ChessBase"]
[SourceDate "2008.09.01"]
[SourceVersion "1"]
[SourceVersionDate "2008.09.01"]
[SourceQuality "1"]

1. e4 d6 2. d4 Nf6 3. Nc3 g6 4. Nf3 Bg7 5. Be3 0-0 6. h3 a6 7. a4 b6 8. Bc4 Bb7 9. Nd2 Nxe4 10. Bxf7+ Rxf7 11. Ndxe4 d5 12. Ng5 Rf6 13. 0-0 Qd6 14. Ne2 Nd7 15. f4 c5 16. c3 Rff8 17. Nf3 Nf6 18. Ng3 a5 19. Ne5 Ba6 20. Rf2 Rac8 21. f5 Nd7 22. Nxd7 Qxd7 23. fxg6 hxg6 24. Rxf8+ Kxf8 25. Qd2 Kg8 26. Bh6 Bf6 27. Bg5 Bg7 28. Bh6 Bf6 29. Bg5 Bg7 1/2-1/2

[Event "SWE-chB"]
[Site "Vadso"]
[Date "2008.07.01"]
[Round "4"]
[White "Thollin, Robert"]
[Black "Johansson, Alexander"]
[Result "1-0"]
[WhiteElo "2011"]
[BlackElo "2046"]
[PlyCount "93"]
[EventDate "2008.06.28"]
[EventType "tourn"]
[EventRounds "13"]
[EventCountry "SWE"]
[SourceTitle "CBM 125 Extra"]
[Source "ChessBase"]
[SourceDate "2008.09.01"]
[SourceVersion "1"]
[SourceVersionDate "2008.09.01"]
[SourceQuality "1"]

1. e4 c5 2. Nf3 d6 3. Bb5+ Bd7 4. Bxd7+ Qxd7 5. c4 Nf6 6. Nc3 g5 7. e5 dxe5 8. Nxe5 Qe6 9. Qe2 Nc6 10. Nxc6 Qxc6 11. 0-0 0-0-0 12. a3 h5 13. b4 h4 14. Nb5 Kd7 15. Nxa7 Qb6 16. Nb5 h3 17. d4 cxd4 18. Rd1 Ke8 19. Bb2 Qc6 20. f3 g4 21. Nxd4 Qc8 22. Nb5 gxf3 23. Qxf3 Bg7 24. Rxd8+ Qxd8 25. Qxb7 hxg2 26. Nc7+ Kf8 27. Qa8 Qxa8 28. Nxa8 Ng4 29. Bxg7+ Kxg7 30. Ra2 Ne3 31. Nb6 Rh4 32. Re2 Nxc4 33. Nxc4 Rxc4 34. Rxe7 Kf6 35. Re2 Rc3 36. Ra2 Kg5 37. a4 Rb3 38. b5 Kf5 39. Kxg2 Ke5 40. a5 Rxb5 41. a6 Rb8 42. a7 Ra8 43. Kf3 Kf5 44. Ra5+ Kf6 45. Kf4 Kg6 46. Ke5 f5 47. h4 1-0

[Event "SWE-chB"]
[Site "Vadso"]
[Date "2008.06.30"]
[Round "3"]
[White "Lundberg, David"]
[Black "Thollin, Robert"]
[Result "1-0"]
[WhiteElo "2022"]
[BlackElo "2011"]
[PlyCount "83"]
[EventDate "2008.06.28"]
[EventType "tourn"]
[EventRounds "13"]
[EventCountry "SWE"]
[SourceTitle "CBM 125 Extra"]
[Source "ChessBase"]
[SourceDate "2008.09.01"]
[SourceVersion "1"]
[SourceVersionDate "2008.09.01"]
[SourceQuality "1"]

1. e4 d6 2. d4 Nf6 3. Nc3 g6 4. g3 Bg7 5. Bg2 0-0 6. Nge2 Nbd7 7. h3 c5 8. d5 Rb8 9. a4 b6 10. 0-0 a6 11. g4 b5 12. axb5 axb5 13. Bf4 b4 14. Nb1 h5 15. g5 Ne8 16. Ra2 b3 17. cxb3 Qb6 18. Nd2 Nc7 19. Nc3 Ba6 20. Re1 Ne5 21. Bf1 Bxf1 22. Rxf1 Qb7 23. Qe2 Ra8 24. Rxa8 Rxa8 25. Bg3 Qa6 26. Nc4 Nd7 27. Re1 Nb5 28. Nxb5 Qxb5 29. e5 dxe5 30. Nxe5 Qxe2 31. Rxe2 Nb6 32. Rc2 Nxd5 33. Rxc5 e6 34. Rb5 Bf8 35. Rb7 Be7 36. h4 Ra1+ 37. Kg2 Rc1 38. Nd3 Rd1 39. Nf4 Nxf4+ 40. Bxf4 Bd6 41. Rd7 e5 42. Bxe5 1-0

[Event "Gibraltar Challengers"]
[Site "Gibraltar"]
[Date "2008.01.22"]
[Round "1"]
[White "Joseph, Adrian"]
[Black "Thollin, Robert"]
[Result "0-1"]
[WhiteElo "1958"]
[BlackElo "2011"]
[PlyCount "63"]
[EventDate "2008.01.22"]
[EventType "swiss"]
[EventRounds "5"]
[EventCountry "ENG"]
[SourceTitle "CBM 122 Extra"]
[Source "ChessBase"]
[SourceDate "2008.03.04"]
[SourceVersion "1"]
[SourceVersionDate "2008.03.04"]
[SourceQuality "1"]

1. b3 e5 2. Bb2 Nc6 3. e3 g6 4. Bb5 Nge7 5. f4 Bg7 6. Ne2 0-0 7. 0-0 d6 8. Ng3 f5 9. Na3 a6 10. Be2 Kh8 11. Nh1 d5 12. Nf2 Qd6 13. Nh3 b5 14. Qe1 exf4 15. Bxg7+ Kxg7 16. Nb1 fxe3 17. dxe3 Qe5 18. Qd2 h6 19. Nc3 Bb7 20. Nf4 Rad8 21. Nd3 Qd6 22. Bf3 Ne5 23. Ne2 Nxf3+ 24. gxf3 Kh7 25. Nef4 c5 26. c3 g5 27. Nh5 Qg6 28. Ng3 h5 29. a4 h4 30. Nh1 Nc6 31. axb5 axb5 32. f4 0-1

[Event "Calvia op 4th"]
[Site "Calvia"]
[Date "2007.10.20"]
[Round "6"]
[White "Schmitz, Andreas Arnold"]
[Black "Thollin, Robert"]
[Result "1/2-1/2"]
[WhiteElo "2093"]
[BlackElo "1964"]
[PlyCount "81"]
[EventDate "2007.10.15"]
[EventType "swiss"]
[EventRounds "9"]
[EventCountry "ESP"]
[SourceTitle "CBM 120 Extra"]
[Source "ChessBase"]
[SourceDate "2007.11.01"]
[SourceVersion "1"]
[SourceVersionDate "2007.11.01"]
[SourceQuality "1"]

1. e4 d6 2. Nf3 Nf6 3. Nc3 g6 4. Bc4 Bg7 5. d3 Nc6 6. h3 Na5 7. Bb5+ c6 8. Ba4 b5 9. Bb3 Nxb3 10. axb3 Bb7 11. Be3 a6 12. Qd2 h6 13. Nh2 Qc7 14. Ng4 Ng8 15. f4 e6 16. e5 dxe5 17. Nxe5 c5 18. 0-0 Ne7 19. Qf2 Rc8 20. Ne4 Bxe4 21. dxe4 0-0 22. Rxa6 Rfd8 23. Ra2 Nc6 24. Nxc6 Qxc6 25. e5 c4 26. b4 Bf8 27. c3 Rd3 28. Qf3 Qxf3 29. Rxf3 Rcd8 30. Ra5 R8d5 31. Ra8 Kg7 32. Re8 Rd1+ 33. Kh2 Rd8 34. Rxd8 Rxd8 35. Rf1 Rd3 36. Re1 Be7 37. g3 g5 38. fxg5 Bxg5 39. Bxg5 hxg5 40. Re2 Kg6 41. g4 1/2-1/2

[Event "Calvia op 4th"]
[Site "Calvia"]
[Date "2007.10.17"]
[Round "3"]
[White "Febrero Perez, Lluis"]
[Black "Thollin, Robert"]
[Result "0-1"]
[WhiteElo "1690"]
[BlackElo "1964"]
[PlyCount "88"]
[EventDate "2007.10.15"]
[EventType "swiss"]
[EventRounds "9"]
[EventCountry "ESP"]
[SourceTitle "CBM 120 Extra"]
[Source "ChessBase"]
[SourceDate "2007.11.01"]
[SourceVersion "1"]
[SourceVersionDate "2007.11.01"]
[SourceQuality "1"]

1. e4 d6 2. d4 Nf6 3. Nd2 g6 4. b3 Bg7 5. Bb2 0-0 6. Ngf3 a6 7. c4 b6 8. Be2 Bb7 9. Qc2 Nbd7 10. d5 c6 11. 0-0 Rc8 12. Rad1 cxd5 13. exd5 Bxd5 14. Bc3 Bb7 15. Qb2 Qc7 16. Rc1 Rfe8 17. Rfe1 e5 18. Ng5 h6 19. Nh3 Nc5 20. f3 Qe7 21. b4 Na4 22. Qb3 Nxc3 23. Rxc3 Nh7 24. Re3 f5 25. c5+ d5 26. cxb6 Qd6 27. Bd3 Qxb6 28. Kh1 Kh8 29. a3 Rf8 30. Nf2 e4 31. Bb1 Bd4 32. R3e2 Bxf2 33. Qb2+ Bd4 34. Qb3 Bg7 35. fxe4 fxe4 36. Nf1 Rf2 37. Re3 Qb5 38. Ng3 Rb2 39. Qd1 Nf6 40. h3 Qc4 41. Kg1 Qc7 42. Nf1 Qf4 43. Nd2 d4 44. Rg3 Rxd2 0-1

[Event "Calvia op 4th"]
[Site "Calvia"]
[Date "2007.10.16"]
[Round "2"]
[White "Thollin, Robert"]
[Black "Ruiz Vinals, Matias"]
[Result "0-1"]
[WhiteElo "1964"]
[BlackElo "2164"]
[PlyCount "100"]
[EventDate "2007.10.15"]
[EventType "swiss"]
[EventRounds "9"]
[EventCountry "ESP"]
[SourceTitle "CBM 120 Extra"]
[Source "ChessBase"]
[SourceDate "2007.11.01"]
[SourceVersion "1"]
[SourceVersionDate "2007.11.01"]
[SourceQuality "1"]

1. e4 c5 2. Nc3 e6 3. Nf3 Nc6 4. d4 cxd4 5. Nxd4 Qc7 6. Be3 a6 7. Bd3 Nf6 8. 0-0 Ne5 9. f3 Bc5 10. Qe2 b5 11. Nb3 Bxe3+ 12. Qxe3 0-0 13. a4 b4 14. Ne2 d6 15. f4 Nc4 16. Qd4 Nb6 17. a5 Nbd7 18. Qxb4 Bb7 19. Ng3 Rfc8 20. Kh1 Rab8 21. Qd2 h5 22. Qe2 h4 23. Nh5 Nxh5 24. Qxh5 Nf6 25. Qe2 d5 26. e5 Ne4 27. c3 Bc6 28. Nd4 Bb7 29. Rfb1 Nc5 30. Kg1 Qe7 31. Rc1 Rc7 32. h3 Bc8 33. b4 Nxd3 34. Qxd3 Rc4 35. Qe3 Bd7 36. Rab1 Rbc8 37. Nb3 Re4 38. Qf2 g5 39. fxg5 Qxg5 40. Nc5 Rf4 41. Qe1 Bb5 42. c4 Bxc4 43. Qc3 Kh8 44. Rb2 Rg8 45. Re1 Qf5 46. Kh2 Rg3 47. Qc2 Qg5 48. Nd7 Rxh3+ 49. gxh3 Qg3+ 50. Kh1 Qxe1+ 0-1